| 000 | 00476nam a2200157 i 4500 | ||
|---|---|---|---|
| 001 | 60715 | ||
| 003 | ES-MaACL | ||
| 005 | 20230906164306.0 | ||
| 007 | t| | ||
| 008 | 031105s1960 sp ||||1| spa d | ||
| 100 | 1 |
_aEstíbalez, Luis María. _948174 |
|
| 245 | 1 | 0 |
_aDiscernimiento de espíritus / _cLuis María Estíbalez. |
| 260 |
_aBilbao : _bEl Mensajero del Corazón de Jesús, _c[1960] ( _fGrijelmo) |
||
| 300 |
_a322 p. ; _c22 cm. |
||
| 852 |
_aES-MaACL _jC-18880 _bR.46880 |
||
| 999 |
_c60715 _d60715 |
||